000 00337nam a2200133Ia 4500
008 170620s9999 xx 000 0 und d
020 _a8125600914
100 _aCHATWAL G R
245 0 _aPHARMACEUTICAL CHEMISTRY INORGANIC VOL ONE
260 _bHIMAYAN PUB
260 _c2006
300 _a437
546 _aEnglish
690 _aPHARMACEUTICAL CHEMISTRY INORGANIC
999 _c31061
_d31061